000
00520nam a2200133Ia 4500
008
100328s9999 xx 000 0 und d
082
_b
73781
100
_a
अष्टीकर मंदाकिनी.
245
_a
गेला फुलांचा गळूनी फुलोरा.
260
_b
निशिगंधा.
630
_a
गेला फुलांचा गळूनी फुलोरा.
730
_a
गेला फुलांचा गळूनी फुलोरा.
942
_c
BOOK
999
_c
559502
_d
559499